000 00941cam a22003017a 4500
003 CHAP
005 20220329134951.0
008 971013s1985 r 00010 d
010 _a28815
011 _a29787
035 _a33898
040 _cCHAP
082 _a972.3
_bL4Y
100 0 0 _aLe Clézio, Jean-Marie.
_965239
245 1 3 _aLa conquista divina de Michoacán
260 _aMéxico, D.F. :
_bFondo de Cultura Económica,
_c1985
300 _a110 p.
490 0 _aCuadernos de la gaceta
_v; 4
590 _aBATCH-UPD
_b10
_c20130110
_lUCH01
_h2135
590 _aBATCH-UPD
_b10
_c20130410
_lUCH01
_h1444
590 _aBATCH-UPD
_b10
_c20130914
_lUCH01
_h1109
590 _aCONVERSION
_b10
_c20130109
_lUCH01
_h1316
650 1 4 _aMichoacán
_xHistoria.
_975456
830 0 _aCuadernos de la gaceta
_v; 4
_929803
901 _aBK
942 _cLIBRO
949 _a972.3 L4Y
_bBC
_cLIBRO
_d33724000141735
_eLIBRO
_gI.c/e
_h69606
_i33898
_si
_t14.00
999 _c28815
_d28815